00385nam a2200133 a 450000100100000000500170001000800410002704000250006808200160009310000220010924500480013126000380017930000340021700003403720200930070724.0110921s1981 dr ac 000 0 spa d aDO-SdBNPbspacBNPHU axxxxbG216f1 aGarcía, Wifredo10aFotografía :bun arte para nuestro siglo. aSanto Domingo :bMaperisa,c1981. a356 p. :bil. retr. ;c20 cm.